MARC

LEADER 00000nam0a2200000 4500
001 367050
005 20231102011937.0
035 |a (RuTPU)RU\TPU\retro\24413 
090 |a 367050 
100 |a 20220228d1979 m y0rusy50 ca 
101 0 |a rus 
102 |a RU 
105 |a a j 001zy 
200 1 |a Пристенное турбулентное движение  |e учебное пособие  |f Ф. Г. Галимзянов  |g Уфимский авиационный институт им. Орджоникидзе 
210 |a Уфа  |c [Б. и.]  |d 1979 
215 |a 120 с.  |c ил. 
320 |a Библиогр.: с. 115-117 
606 1 |a Турбулентное течение, пристенное  |2 stltpush  |3 (RuTPU)RU\TPU\subj\62152  |9 79298 
610 1 |a жидкость 
610 1 |a ламинарное движение 
610 1 |a турбулентное движение 
610 1 |a гладкие трубы 
610 1 |a шероховатые трубы 
610 1 |a жидкости с особыми свойствами 
610 1 |a управляемое турбулентное движение 
610 1 |a учебные пособия 
675 |a 532.526  |v 4 
700 1 |a Галимзянов  |b Ф. Г.  |g Фауат Гиниятович 
712 0 2 |a Уфимский авиационный институт им. Орджоникидзе  |2 stltpush  |3 (RuTPU)RU\TPU\col\4501  |9 23991 
801 1 |a RU  |b 63413507  |c 20220228 
942 |c BK